000 00610nam a22001937a 4500
003 CEME
005 20210628205724.0
008 210129b xxu||||| |||| 00| 0 eng d
020 _a08493-1968-4
040 _c.
082 _a004.68 HAN
100 _aMahgoub, Imad
_976824
245 _aHandbook of sensor networks compact wireless and wired sensing systems
260 _aNEW YORK
_bCRC PRESS
_c2004
300 _aXXII,900P
650 _aSENSOR NETWORKS, WIRELESS LANS.HANDBOOK OF SENSOR NETWORKS COMPACT WIRELESS AND WIRED SENSING SYSTEMS
_976825
700 _aIlyas, Mohammad
_976826
942 _cBK
_2ddc
999 _c582145
_d582145